Disciplines de gymnastique artistique et rythmique - Statistiques

Statistiques générales
  • Ce quiz a été pris 4 127 fois
    2 875 depuis la dernière actualisation
  • Le résultat moyen est 9 sur 13
Statistiques - réponses
Hint Réponse % Correct
Artistique (Femme) Poutre
92%
Artistique (Homme) Anneaux
86%
Artistique (Homme) Barres parallèles
82%
Artistique (Femme) Barres asymétriques
81%
Artistique Sol
80%
Rythmique Ruban
75%
Artistique Saut de cheval
73%
Rythmique Cerceau
68%
Rythmique Ballon
67%
Artistique (Homme) Cheval d'arçons
66%
Artistique (Homme) Barre fixe
38%
Rythmique Massues
33%
Rythmique Corde
19%
Aucun quiz correspondant
Distribution des résultats
% des personnes avec chaque résultat
Percentile par nombre de réponses
Votre historique - résultats
Vous n’avez pas pris ce quiz depuis la dernière actualisation